MLB teams and Minor League affiliates. - Statistics

General Stats
  • This quiz has been taken 531 times
  • The average score is 17 of 30
Answer Stats
Hint Answer % Correct
Gwinnett Braves, Mississippi Braves, Rome Braves Atlanta Braves
91%
Scranton/Wilkes-Barre RailRiders, Trenton Thunder, Tampa Yankees New York Yankees
91%
Pawtucket Red Sox, Portland Sea Dogs, Greenville Drive Boston Red Sox
85%
Iowa Cubs, Tennessee Smokies, Boise Hawks Chicago Cubs
81%
Fresno Grizzlies, Richmond Flying Squirrels, San Jose Giants San Francisco Giants
77%
Las Vegas 51s, Binghamton Mets, Savannah Sand Gnats New York Mets
67%
Syracuse Chiefs, Harrisburg Senators, Washington Nationals
67%
Memphis Redbirds, Springfield Cardinals, Peoria Chiefs St. Louis Cardinals
64%
Charlotte Knights, Birmingham Barons, Winston-Salem Dash Chicago White Sox
62%
Norfolk Tides, Bowie Baysox, Fredrick Keys Baltimore Orioles
60%
Colorado Springs Sky Sox, Tulsa Drillers, Modesto Nuts Colorado Rockies
58%
New Orleans Zephyrs, Jacksonville Suns, Jupiter Hammerheads Miami Marlins
56%
Tacoma Rainiers, Jackson Generals, High Desert Mavericks Seattle Mariners
56%
Lehigh Valley IronPigs, Reading Fightin Phils, Clearwater Threshers Philadelphia Phillies
55%
Sacramento River Cats, Midland RockHounds, Stockton Ports Oakland Athletics
54%
Toledo Mud Hens, Erie SeaWolves, West Michigan Whitecaps Detroit Tigers
52%
Indianapolis Indians, Altoona Curve, Bradenton Marauders Pittsburg Pirates
51%
Okalhoma City Red Hawks, Corpus Christi Hooks, Lancaster JetHawks Houston Astros
48%
Buffalo Bisons, New Hampshire Fisher Cats, Vancouver Canadians Toronto Blue Jays
48%
Omaha Storm Chasers, Northwest Arkansas Naturals, Wilmington Blue Rocks Kansas City Royals
47%
El Paso Chihuahuas, San Antonio Missions, Lake Elsinore Storm San Diego Padres
46%
Columbus Clippers, Akron RubberDucks, Carolina Mudcats Cleveland Indians
45%
Louisville Bats, Pensacola Blue Wahoos, Dayton Dragons Cincinatti Reds
44%
Durham Bulls, Montgomery Biscuits, Charlotte Stone Crabs Tampa Bay Rays
44%
Round Rock Express, Frisco RoughRiders, Myrtle Beach Pelicans Texas Rangers
41%
Salt Lake Bees, Arkansas Travelers, Inland Empire 66ers Los Angeles Angels of Anaheim
39%
Rochester Red Wings, New Britain Rock Cats, Cedar Rapids Kernels Minnesota Twins
38%
Albuquerque Isotopes, Chattanooga Lookouts, Rancho Cucamonga Quakes Los Angeles Dodgers
37%
Nashville Sounds, Huntsville Stars, Wisconsin Timber Rattlers Milwaukee Brewers
36%
Reno Aces, Mobile BayBears, South Bend Silver Hawks Arizona Diamondbacks
29%
No matching quizzes found
Score Distribution
Percent of People with Each Score
Percentile by Number Answered
Your Score History
You have not taken this quiz